00873nam a2200217Ia 4500008004100000020002200041050001700063100002100080240001800101245006400119250000600183260004900189300001100238440002600249650001900275700003800294952009400332952010600426952010600532999001700638120626s9999 xx 000 0 und d a978-968-16-4499-4 aAC75 B32.3 aNICOLSON, Harold aLa diplomacia aLa diplomacia / Harold Nicolson; tr. Adolfo Alvarez Buylla a3 aMéxico: Fondo de Cultura Económica (FCE) a245 p. a(a reimpresión 2010 a1.- DIPLOMACIA a1.- ALVAREZ BUYLLA, ADOLFO tr.Ì 00104070a09b09d2011-04-28l0oAC75 B32.3p09 004088r2012-06-26t1w2012-06-26yLB 00104070a09b09d2011-04-28l1oAC75 B32.3p09 004091r2016-04-18s2016-04-11t2w2012-06-26yLB 00104070a09b09d2011-04-28l1oAC75 B32.3p09 004092r2016-04-08s2016-04-05t3w2012-06-26yLB c64827d64827